Minecraft Items - B (26.1) - Statistics

General Stats
  • This quiz has been taken 20 times
  • The average score is 72 of 161
Answer Stats
Items % Correct
Blackstone
83%
Blue Bed
83%
Blue Wool
83%
Block of Coal
75%
Block of Copper
75%
Block of Diamond
75%
Block of Emerald
75%
Block of Lapis Lazuli
75%
Block of Netherite
75%
Blue Banner
75%
Blue Concrete
75%
Blue Concrete Powder
75%
Blue Dye
75%
Blue Terracotta
75%
Birch Door
67%
Black Bed
67%
Blackstone Slab
67%
Blackstone Stairs
67%
Blackstone Wall
67%
Black Wool
67%
Block of Gold
67%
Block of Iron
67%
Block of Redstone
67%
Blue Glazed Terracotta
67%
Blue Stained Glass
67%
Blue Stained Glass Pane
67%
Birch Boat
58%
Birch Boat with Chest
58%
Birch Button
58%
Birch Fence
58%
Birch Fence Gate
58%
Birch Leaves
58%
Birch Log
58%
Birch Planks
58%
Birch Pressure Plate
58%
Birch Sapling
58%
Birch Slab
58%
Birch Stairs
58%
Birch Wood
58%
Black Banner
58%
Black Concrete
58%
Black Concrete Powder
58%
Black Dye
58%
Black Glazed Terracotta
58%
Black Stained Glass
58%
Black Stained Glass Pane
58%
Black Terracotta
58%
Block of Raw Copper
58%
Block of Raw Gold
58%
Block of Raw Iron
58%
Blue Carpet
58%
Brown Banner
58%
Brown Bed
58%
Brown Concrete
58%
Brown Concrete Powder
58%
Brown Dye
58%
Brown Glazed Terracotta
58%
Brown Stained Glass
58%
Brown Stained Glass Pane
58%
Brown Terracotta
58%
Brown Wool
58%
Bucket
58%
Bamboo
50%
Bamboo Button
50%
Bamboo Door
50%
Bamboo Fence
50%
Bamboo Fence Gate
50%
Bamboo Planks
50%
Bamboo Slab
50%
Beetroot
50%
Beetroot Seeds
50%
Birch Hanging Sign
50%
Birch Shelf
50%
Birch Sign
50%
Birch Trapdoor
50%
Black Carpet
50%
Block of Quartz
50%
Book
50%
Brick
50%
Baked Potato
42%
Bamboo Hanging Sign
42%
Bamboo Pressure Plate
42%
Bamboo Raft
42%
Bamboo Raft with Chest
42%
Bamboo Sign
42%
Bamboo Stairs
42%
Bamboo Trapdoor
42%
Basalt
42%
Beetroot Soup
42%
Black Shulker Box
42%
Blaze Powder
42%
Blaze Rod
42%
Blue Bundle
42%
Blue Shulker Box
42%
Bottle o' Enchanting
42%
Bow
42%
Brain Coral
42%
Bricks
42%
Brick Slab
42%
Brick Stairs
42%
Brick Wall
42%
Brown Carpet
42%
Bamboo Mosaic
33%
Bamboo Shelf
33%
Barrel
33%
Black Bundle
33%
Block of Amethyst
33%
Blue Orchid
33%
Book and Quill
33%
Bookshelf
33%
Brain Coral Block
33%
Brain Coral Fan
33%
Brewing Stand
33%
Brown Mushroom
33%
Brown Mushroom Block
33%
Brown Shulker Box
33%
Bubble Coral
33%
Bubble Coral Block
33%
Bubble Coral Fan
33%
Bucket of Axolotl
33%
Bucket of Cod
33%
Bucket of Pufferfish
33%
Bucket of Salmon
33%
Bucket of Tropical Fish
33%
Bundle
33%
Bamboo Mosaic Slab
25%
Bamboo Mosaic Stairs
25%
Blast Furnace
25%
Blue Candle
25%
Blue Harness
25%
Blue Ice
25%
Bone
25%
Bone Block
25%
Bone Meal
25%
Bread
25%
Breeze Rod
25%
Brown Bundle
25%
Bamboo Shoot
17%
Beacon
17%
Beehive
17%
Bee Nest
17%
Bell
17%
Big Dripleaf
17%
Black Candle
17%
Black Harness
17%
Block of Bamboo
17%
Bowl
17%
Brown Candle
17%
Brush
17%
Bucket of Tadpole
17%
Blade Pottery Sherd
8%
Block of Resin
8%
Block of Stripped Bamboo
8%
Blue Egg
8%
Bolt Armor Trim
8%
Bordure Indented Banner Pattern
8%
Brewer Pottery Sherd
8%
Brown Egg
8%
Brown Harness
8%
Burn Pottery Sherd
8%
Bush
8%
No matching quizzes found
Score Distribution
Percent of People with Each Score
Percentile by Number Answered
Your Score History
You have not taken this quiz